Statistiken für Titel Zuordnen

Klicken Sie hier um das Quiz zu spielen!

Allgemein

  • Dieses Quiz wurde 167 mal gespielt
  • Das Durchschnittsergebnis liegt bei 7 aus 15

Antwortstatistiken

HintAntwort% Korrekt
Harry Potterund der Feuerkelch
93%
James Bondjagt Dr. No
81%
Winnetouund sein Freund Old Firehand
80%
Asterixund der Kupferkessel
61%
Fünf Freundeauf der Felseninsel
59%
Pippi Langstrumpfgeht an Bord
50%
Hexe Lilliund das Buch des Drachen
44%
Benjamin Blümchenund die Astrofanten
41%
Lucky Lukeund der weiße Reiter
36%
Lottakann fast alles
35%
Tim und Struppiund der Haifischsee
33%
Die drei ???und der seltsame Wecker
27%
Michelmuß mehr Männchen machen
24%
Der kleine Nickund seine Bande
16%
Der kleine Vampirund die große Liebe
13%

Verteilung der Resultate

Perzentil nach korrekt beantworteten Fragen

Anzahl Personen mit jedem Resultat

Ihre Resultats-Entwicklung

Sie haben dieses Quiz noch nicht gespielt